members of kpop groups - Statistics

General Stats
  • This quiz has been taken 105 times
  • The average score is 68 of 92
Answer Stats
Group Members % Correct
stayc J
99%
blackpink Lisa
99%
blackpink Jennie
98%
blackpink Jisoo
98%
blackpink Rose
98%
aespa Karina
96%
aespa Winter
96%
aespa Giselle
95%
aespa Ningning
94%
nmixx Lily
93%
itzy Yuna
93%
new jeans Danielle
91%
le sserafim Eunchae
91%
red velvet Irene
91%
itzy Lia
91%
ive Liz
91%
twice Momo
91%
twice Nayeon
91%
ive Rei
91%
le sserafim Sakura
91%
ive Wonyoung
91%
(g)i-dle Yuqi
91%
le sserafim Chaewon
90%
new jeans Hanni
90%
le sserafim Kazuha
90%
twice Mina
90%
(g)i-dle Minnie
90%
(g)i-dle Miyeon
90%
twice Sana
90%
(g)i-dle Soyeon
90%
twice Tzuyu
90%
new jeans Hyein
89%
twice Jihyo
89%
itzy Ryujin
89%
(g)i-dle Shuhua
89%
itzy Yeji
89%
le sserafim Yunjin
89%
itzy Chaeryeong
88%
twice Chaeyoung
88%
twice Dahyun
88%
red velvet Wendy
88%
red velvet Joy
87%
new jeans Minji
87%
new jeans Haerin
85%
twice Jeongyeon
85%
ive Leeseo
85%
red velvet Seulgi
85%
ive Yujin
85%
ive Gaeul
84%
red velvet Yeri
83%
kiss of life Natty
80%
kiss of life Julie
79%
kiss of life Belle
78%
loona Chuu
78%
nmixx Bae
77%
nmixx Sullyoon
77%
illit Wonhee
73%
nmixx Haewon
72%
nmixx Kyujin
72%
illit Moka
72%
illit Iroha
71%
kiss of life Haneul
70%
nmixx Jiwoo
70%
illit Minju
68%
illit Yunah
67%
stayc Yoon
62%
stayc Isa
60%
stayc Sieun
60%
loona Yves
59%
loona Kim Lip
57%
loona Hyunjin
56%
stayc Seeun
55%
stayc Sumin
52%
loona Choerry
50%
loona Heejin
49%
loona Vivi
49%
loona Gowon
46%
loona Jinsoul
44%
loona Yeojin
43%
loona Haseul
40%
purple kiss Swan
40%
loona Hyeju
39%
purple kiss Yuki
35%
young posse Jieun
33%
purple kiss Chaein
27%
young posse Doeun
27%
purple kiss Ireh
26%
young posse Sunhye
26%
purple kiss Dosie
24%
young posse Jiana
24%
young posse Yeonjung
24%
purple kiss Goeun
23%
No matching quizzes found
Score Distribution
Percent of People with Each Score
Percentile by Number Answered
Your Score History
You have not taken this quiz